• 首页
  • 本馆介绍
  • 公告通知
  • 最新文献
  • 馆藏检索
  • 电子资源
  • 读者导购
  • 参考咨询
  • 我的图书馆
  • 登录
  • 详细信息显示
  • 放入我的书架
  • 预约/预借图书
  • 作者相关作品
  • 分类相关作品
  • 丛书相关作品
  • 出版社相关作品

书目信息

  • 表格格式
  • 工作单格式
  • 卡片格式
题名:
中国自然地理
    
 
作者: ;中国科学院中国自然地理编辑委员会 编
分册:  
出版信息: 北京   科学出版社  1981
页数: 96页
开本: 26cm
丛书名:
单 册:
中图分类: P942 , TV211.1
科图分类:
主题词: 自然地理--中国 , 地下水资源--中国
电子资源:
ISBN:
000 00775nam0 2200253 450
001 1552272680
005 20150118143331.73
010    @dCNY2.95
091    @a13031.1664
100    @a19960215d1981 em y0chiy0110 ea
101 0  @achi
102    @aCN@b110000
105    @af z 000yy
200 1  @a中国自然地理@9zhong guo zi ran di li@e地下水@f中国科学院《中国自然地理》编辑委员会编
210    @a北京@c科学出版社@d1981
215    @a96页@e附图1袋@d26cm
517 1  @a地下水@9di xia shui
606 0  @a自然地理@y中国
606 0  @a地下水资源@y中国
690    @aP942@v5
690    @aTV211.1@v5
711 02 @a中国科学院中国自然地理编辑委员会@9zhong guo ke xue yuan zhong guo zi ran di li bian ji wei yuan hui@4编
801  0 @aCN@bTSSF@c20150118
905    @aZUCC@dP942@eJY11
    
    中国自然地理:地下水/中国科学院《中国自然地理》编辑委员会编.-北京:科学出版社,1981
    96页+附图1袋;26cm
    
    
    ISBN :CNY2.95
    
●
相关链接 在E读中查询图书 在五车中查询图书 在当当中查询图书 在豆瓣中查询图书


正题名:中国自然地理     索取号:P942/JY11         预约/预借

序号 登录号 条形码 馆藏地/架位号 状态 备注
1 7848884   278488842   学院路分馆/ [索取号:P942/JY11] 在馆    
2 7848885   278488851   学院路分馆/ [索取号:P942/JY11] 在馆    
3 7848887   278488879   学院路分馆/ [索取号:P942/JY11] 在馆    
4 7848888   278488888   学院路分馆/ [索取号:P942/JY11] 在馆    
唐山师范学院图书馆 欢迎您!
大连网信软件有限公司© 版权所有